Избранная переписка. Т. 1: Переписка с Ф.Ф. Фортунатовым, В.Н. Перетцем, В.М. Истриным (Запись № 10914951)
[ простой вид ]
| 000 -МАРКЕР | |
|---|---|
| контрольное поле | 02379nam2a2200337 4500 |
| 001 - ИДЕНТИФИКАТОР ЗАПИСИ | |
| контрольное поле | RU\NLR\BIBL_A\011907155 |
| 005 - ИДЕНТИФИКАТОР ВЕРСИИ | |
| контрольное поле | 20190130145313.0 |
| 010 ## - МЕЖДУНАРОДНЫЙ СТАНДАРТНЫЙ НОМЕР КНИГИ (ISBN) | |
| Номер (ISBN) | 978-5-86007-885-7 |
| Тираж | 300 |
| 021 ## - НОМЕР ГОСУДАРСТВЕННОЙ РЕГИСТРАЦИИ | |
| Код страны | Российская Федерация |
| Номер | КН-П-18-093017 |
| Номер Листа государственной регистраци | КН-П-18-6743 |
| 035 ## - ДРУГИЕ СИСТЕМНЫЕ НОМЕРА | |
| Идентификатор записи | (NLR Aleph) 011907155 |
| 100 ## - ДАННЫЕ ОБЩЕЙ ОБРАБОТКИ | |
| Данные общей обработки | 20190111d2018 u y0rusy50 ca |
| 101 0# - ЯЗЫК РЕСУРСА | |
| Язык текста, звукозаписи и т.д. | русский |
| Язык резюме | английский |
| 102 ## - СТРАНА ПУБЛИКАЦИИ ИЛИ ПРОИЗВОДСТВА | |
| Страна публикации | Российская Федерация |
| 105 ## - ПОЛЕ КОДИРОВАННЫХ ДАННЫХ: ТЕКСТОВЫЕ МАТЕРИАЛЫ, МОНОГРАФИЧЕСКИЕ | |
| Кодированные данные о монографическом текстовом документе | ach|z|||001ey |
| 200 1# - ЗАГЛАВИЕ И СВЕДЕНИЯ ОБ ОТВЕТСТВЕННОСТИ | |
| Основное заглавие | Переписка с Ф.Ф. Фортунатовым, В.Н. Перетцем, В.М. Истриным |
| Параллельное заглавие | Correspondence with F.F. Fortunatov, V.N. Peretz, V.M. Istrin |
| Язык параллельного заглавия | английский |
| 210 ## - ПУБЛИКАЦИЯ, РАСПРОСТРАНЕНИЕ И ДР. | |
| Дата издания, распространения и т.д. | 2018 |
| 215 ## - ФИЗИЧЕСКАЯ ХАРАКТЕРИСТИКА | |
| Специфическое обозначение материала и объем | 942, [1] с., [16] л. ил., цв. ил., портр., факс. |
| 320 ## - ПРИМЕЧАНИЯ О НАЛИЧИИ В ДОКУМЕНТЕ БИБЛИОГРАФИИ / УКАЗАТЕЛЯ | |
| Текст примечания | Библиогр.: с. 863-875 и в конце документов |
| 320 ## - ПРИМЕЧАНИЯ О НАЛИЧИИ В ДОКУМЕНТЕ БИБЛИОГРАФИИ / УКАЗАТЕЛЯ | |
| Текст примечания | Имен. указ.: с. 876-938 |
| 461 #0 - УРОВЕНЬ НАБОРА | |
| Встроенное поле | 001RU\NLR\BIBL_A\011912418 |
| -- | 2001#$aИзбранная переписка$dSelected correspondence$eв трех томах$fАлексей Александрович Шахматов$g[авторы-составители: В.Г. Вовина-Лебедева и др.$gответственный редактор: доктор исторических наук В.Г. Вовина-Лебедева]$gРоссийская академия наук, Санкт-Петербургский институт истории РАН [и др.]$zeng$vТ. 1 |
| -- | 700#1$aШахматов$bА. А.$f1864-1920$gАлексей Александрович$3RU\NLR\AUTH\77100647 |
| Системный номер (АБИС) связанной записи | 10944340 |
| Автор | Шахматов, А. А. (1864-1920) |
| Место публикации | Санкт-Петербург |
| Дата публикации | 2018 |
| Первые сведения об ответственности | Алексей Александрович Шахматов |
| Параллельное заглавие | Selected correspondence |
| Имя издателя, распространителя и т.д. | Дмитрий Буланин |
| Сведения, относящиеся к заглавию | в трех томах |
| Заглавие | Избранная переписка |
| Номер тома | Т. 1 |
| 510 1# - ПАРАЛЛЕЛЬНОЕ ЗАГЛАВИЕ | |
| Параллельное заглавие | Correspondence with F.F. Fortunatov, V.N. Peretz, V.M. Istrin |
| Язык заглавия | английский |
| 702 #1 - ИМЯ ЛИЦА - ВТОРИЧНАЯ ОТВЕТСТВЕННОСТЬ | |
| Код отношения | Прочие |
| Графика поля | Кириллица |
| Материалы, к которым относится поле | rus |
| Начальный элемент ввода | Фортунатов |
| Часть имени, кроме начального элемента ввода | Ф. Ф. |
| Даты | 1848-1914 |
| Расширение инициалов личного имени | Филипп Федорович |
| Системный номер авторитетной/нормативной записи | 115950 |
| Идентификатор авторитетной/нормативной записи | RU\NLR\AUTH\775994 |
| 702 #1 - ИМЯ ЛИЦА - ВТОРИЧНАЯ ОТВЕТСТВЕННОСТЬ | |
| Код отношения | Прочие |
| Графика поля | Кириллица |
| Материалы, к которым относится поле | rus |
| Начальный элемент ввода | Перетц |
| Часть имени, кроме начального элемента ввода | В. Н. |
| Даты | 1870-1935 |
| Расширение инициалов личного имени | Владимир Николаевич |
| Системный номер авторитетной/нормативной записи | 72707 |
| Идентификатор авторитетной/нормативной записи | RU\NLR\AUTH\7789780 |
| 702 #1 - ИМЯ ЛИЦА - ВТОРИЧНАЯ ОТВЕТСТВЕННОСТЬ | |
| Начальный элемент ввода | Истрин |
| Часть имени, кроме начального элемента ввода | В. М. |
| Даты | 1865-1937 |
| Расширение инициалов личного имени | Василий Михайлович |
| Код отношения | Прочие |
| 942 ## - ДОПОЛНИТЕЛЬНЫЕ ЭЛЕМЕНТЫ ЗАПИСИ (АБИС) | |
| Тип экземпляра АБИС | Книга |
| 980 ## - КОЛЛЕКЦИЯ | |
| Название коллекции | НБР |
| 980 ## - КОЛЛЕКЦИЯ | |
| Название коллекции | Национальная библиография |
Нет доступных экземпляров.